000 00940nam a2200253Ia 4500
003 OSt
005 20220923211240.0
006 a|||||r|||| 00| 0
007 ta
008 220922b |||||||| |||| 00| 0 rus d
020 _a9788175992047 (hbk)
_c350
024 _a260,401
037 _b526, 02/12/2011, H.K. Prakashan
_cTextual
040 _aARTS
_cARTS
_brus
041 _2rus
_arus
082 _aO142,3N05x, 153K4;Q1.2
100 _aFੋਲੋ॥ੋਵ; ਸਹਿਰਾਈ, ਪਿਆਰਾ ਸਿੰਘ, ੳਗ.
_9160031
245 0 _aਤੇ ਡਾਨ ਵਹਿੰਦਾ ਰਿਹਾ
260 _aਦਿੱਲੀ
_b ਨਵਯੁਗ
_c2011
300 _a456ਪੰ
_ccm.
650 _aਰਾFੀਅਨ ਸਾਹਿਤ
942 _hO142,3N05x, 153K4;Q1.2
_cTEXL
_2CC
999 _c297637
_d297637